Statistiques concernant Drapeaux avec des choix multiples

Cliquez ici pour prendre le quiz!

Statistiques générales

  • Ce quiz a été pris 50 fois
    (26 depuis la dernière actualisation)
  • Le résultat moyen est 14 sur 15

Statistiques - réponses

QuestionRéponse% Correct
Pologne
100%
Estonie
100%
Algérie
100%
Roumanie
100%
Jamaïque
100%
Belgique
96%
Hongrie
96%
Éthiopie
96%
Finlande
92%
Turkménistan
88%
Mauritanie
88%
Fidji
84%
Bolivie
84%
Pérou
80%
Niger
52%

Distribution des résultats

Percentile par nombre de réponses

% des personnes avec chaque résultat

Votre développement - résultats

Vous n’avez pas pris ce quiz depuis la dernière actualisation